Open Data Biblioteca Nacional de Portugal


República Portuguesa: Ministério da Cultura
Biblioteca Nacional de Portugal

Catálogo da BNP: acesso por Identificadores Unívocos
Registos Bibliográficos associados ao registo de autoridade

Etiqueta de registo: 00000nkm 2200025 450
001 2273049
003 http://id.bnportugal.gov.pt/bib/catbnp/2273049
100 ## $a20260227d1988 m y0pory01030103ba
101 0# $apor
102 ## $aPT
200 1# $aIV Passeio Cicloturista de Sesimbra, 18 set. 88$bVisual gráfico]$fCamâra Municipal de Sesimbra e Núcleo Cicloturista de Sesimbra
210 #9 $aSesimbra$cCamâra Municipal de Sesimbra,$d1988
215 ## $a1 cartaz$ccolor.$d41,9x29,7 cm
317 ## $aColeção Madeira Luís
710 02 $aPasseio Cicloturista de Sesimbra,$d4,$eSesimbra,$f1988$31987877
712 01 $aSesimbra.$bCâmara Municipal$4650$316005
712 02 $aNúcleo Cicloturista de Sesimbra$4557$31393275
801 #0 $aPT$bBN$gRPC
966 ## $lBN$mICONOG$sCT. 15189 V.$x3
971 ## $cCaticonografia9$d20260227
972 ## $d20260302 $e1$vmferro$z0
995 ## $aPRR2026

OpendataBNP@bnportugal.pt | Mais informação sobre acesso aos dados BNP